KOHA-Header-6

A Textbook of Discrete Mathematics (Record no. 838)

000 -LEADER
fixed length control field 00309nam a2200121Ia 4500
008 - FIXED-LENGTH DATA ELEMENTS--GENERAL INFORMATION
fixed length control field 190722s9999 xx 000 0 und d
020 ## - INTERNATIONAL STANDARD BOOK NUMBER
International Standard Book Number 970-93-856-7645-1
100 ## - MAIN ENTRY--PERSONAL NAME
Personal name S.Chand
245 #2 - TITLE STATEMENT
Title A Textbook of Discrete Mathematics
260 ## - PUBLICATION, DISTRIBUTION, ETC. (IMPRINT)
Place of publication, distribution, etc New Delhi
Name of publisher, distributor, etc S.Chand Company PVT
Date of publication, distribution, etc 2016
300 ## - PHYSICAL DESCRIPTION
Extent 843
942 ## - ADDED ENTRY ELEMENTS (KOHA)
Koha item type Books
Holdings
Withdrawn status Lost status Damaged status Not for loan Collection code Permanent Location Current Location Shelving location Date acquired Total Checkouts Full call number Barcode Date last seen Date checked out Price effective from Koha item type
        Mathematics MAJU MAJU Shelf No.B31 2019-07-22 2 511.1 7464 2024-10-25 2023-02-13 2019-07-22 Mathematics

Powered by Koha